Biblická história (biblicko-exegetický komentár na 12.-31. kapitolu knihy Genezis) I. Starozákonní patriarchovia - Abrahám, Izák a Jakub
| Main Author: | |
|---|---|
| Other Authors: | , |
| Format: | Book |
| Language: | Slovak Greek, Modern (1453- ) Russian |
| PhysicalDescription: | 541 strán fotografie, ilustrácie, mapy 22 cm |
| Published: |
Prešov
Vydavateľstvo Prešovskej univerzity
2024
|
| ISBN: | 9788055534534 |
| Edition: | Vydanie: 2. nezmenené |
| Subjects: |
MARC
| LEADER | 00000cam a2200000 4500 | ||
|---|---|---|---|
| 001 | vtls012272963 | ||
| 003 | SK-MaSNL | ||
| 005 | 20260301232107.0 | ||
| 008 | 250310s2024 xo oab frn 000 0 slo | ||
| 015 | |a SNBA2025 | ||
| 020 | |a 9788055534534 |q (viazané) | ||
| 040 | |a SNK |b slo |c SNK |e rda | ||
| 041 | 0 | |a slo |a gre |a rus | |
| 044 | |a xo |c SK | ||
| 072 | 7 | |a 2-23/-27 |x Biblia. Biblistika |2 konspekt | |
| 080 | |a 2-276.7 |2 2011 | ||
| 080 | |a 27-277 |2 2011 | ||
| 080 | |a 2-236.5 |2 2011 | ||
| 080 | |a 27-277.2 |2 2011 | ||
| 080 | |a 27-242-27 |2 2011 | ||
| 080 | |a (048.8) |2 2011 | ||
| 080 | |a (0.072) |2 2011 | ||
| 100 | 1 | |a Cap, Alexander, |d 1963- |4 aut |9 175896 | |
| 245 | 1 | 0 | |a Biblická história |b (biblicko-exegetický komentár na 12.-31. kapitolu knihy Genezis) |n I. |p Starozákonní patriarchovia - Abrahám, Izák a Jakub |c Alexander Cap |
| 246 | 3 | 0 | |a Starozákonní patriarchovia - Abrahám, Izák a Jakub |
| 250 | |a Vydanie: 2. nezmenené | ||
| 264 | 1 | |a Prešov |b Vydavateľstvo Prešovskej univerzity |c 2024 | |
| 300 | |a 541 strán |b fotografie, ilustrácie, mapy |c 22 cm | ||
| 336 | |a text |b txt |2 rdacontent | ||
| 337 | |a bez média |b n |2 rdamedia | ||
| 338 | |a zväzok |b nc |2 rdacarrier | ||
| 366 | |e 110 kusov | ||
| 500 | |a Vydala Prešovská univerzita v Prešove vo Vydavateľstve Prešovskej univerzity | ||
| 500 | |a Obsahuje poznámky pod čiarou | ||
| 500 | |a Obsahuje skratky biblických kníh | ||
| 504 | |a Obsahuje bibliografiu na strane 533-541 ; bibliografické odkazy | ||
| 546 | |a Text čiastočne v starej gréčtine a ruštine | ||
| 600 | 0 | 7 | |a Abrahám |c (biblická postava) |2 SNKMA |9 50475 |
| 600 | 0 | 7 | |a Izák |c (biblická postava) |2 SNKMA |9 50584 |
| 600 | 0 | 7 | |a Jakub Starší, |c svätý, |d zomrel 43 |2 SNKMA |9 90160 |
| 630 | 0 | 7 | |a Biblia |p Genezis |2 SNKPHunif |9 162781 |
| 630 | 0 | 7 | |a Biblia |p Starý zákon |2 SNKPHunif |9 185646 |
| 650 | 0 | 7 | |a starozákonní patriarchovia |2 SNKPH |9 442531 |
| 650 | 0 | 7 | |a biblické dejiny |2 SNKPH |9 1915 |
| 650 | 0 | 7 | |a biblické štúdium |2 SNKPH |9 4152 |
| 650 | 0 | 7 | |a biblické postavy |2 SNKPH |9 4145 |
| 650 | 0 | 7 | |a biblická exegéza |2 SNKPH |9 4349 |
| 650 | 0 | 7 | |a biblické udalosti |2 SNKPH |9 4157 |
| 650 | 0 | 7 | |a starozákonná biblistika |2 SNKPH |9 191215 |
| 650 | 0 | 7 | |a Sacred history |2 SNKPHeng |9 277013 |
| 650 | 0 | 7 | |a Bible study |2 SNKPHeng |9 330760 |
| 650 | 0 | 7 | |a Bible persons |2 SNKPHeng |9 276269 |
| 650 | 0 | 7 | |a Biblical exegesis |2 SNKPHeng |9 302426 |
| 650 | 0 | 7 | |a Biblical events |2 SNKPHeng |9 294650 |
| 650 | 0 | 7 | |a Old Testament Bible studies |2 SNKPHeng |9 373134 |
| 655 | 7 | |a porovnávacie štúdie |2 SNKPH |9 70557 | |
| 655 | 7 | |a komentáre |2 SNKPH |9 70412 | |
| 655 | 7 | |a Comparative studies |2 SNKPHeng |9 304951 | |
| 655 | 7 | |a Commentaries |2 SNKPHeng |9 275605 | |
| 700 | 1 | |a Gerka, Milan, |d 1945- |4 rev |9 109067 | |
| 700 | 1 | |a Bándy, Juraj, |d 1950- |4 rev |9 201342 | |
| 710 | 2 | |a Prešovská univerzita v Prešove |4 pbl |9 177485 | |
| 852 | |a Slovenská národná knižnica | ||
| 919 | |a 978-80-555-3453-4 | ||
| 954 | |a duchovná literatúra pôvodná (slovenská) |2 lita | ||
| 958 | |a NT | ||
| 958 | |a NB | ||
| 999 | |c 960396 |d 962326 | ||
| 952 | |a SNK |b SNK |y PREZ |7 0 |p 17A1575094 |o snkSC 210888 |i snk2025/10151 |8 0 |0 0 |1 0 |4 0 |d 2025-06-26 |l 0 |r 2026-02-24 10:17:11 |w 2026-02-24 | ||
| 952 | |a SNK |b SNK |y VYP |7 0 |p 17A1575095 |o snkSC 210888 D1 |i snk2025/10152 |8 0 |0 0 |1 0 |4 0 |d 2025-06-26 |l 0 |r 2026-02-24 10:17:11 |w 2026-02-24 | ||


